| 000 | 00674cam a2200265 4500 | ||
|---|---|---|---|
| 001 | J2838 | ||
| 008 | 090401t1995 xxu||||| |||| 00| 0 eng d | ||
| 035 | _a(Sirsi) u51405 | ||
| 041 | _aeng | ||
| 050 | _a333.33709424 | ||
| 110 |
_aDTZ Debenham Thorpe _92895 |
||
| 245 | _aWest Midlands annual property review 1994. | ||
| 260 |
_aBirmingham _bDTZ Debenham Thorpe _c1995 |
||
| 300 | _a28p. ; 30cm. | ||
| 350 | _a0 | ||
| 650 | _aINDUSTRIAL PROPERTY | ||
| 650 | _aOFFICES | ||
| 650 | _aPROPERTY MARKET | ||
| 650 | _aRETAIL PROPERTY | ||
| 650 | _aSHOPS | ||
| 650 | _aWEST MIDLANDS | ||
| 690 | _aPROPERTY-COMMERCIAL PROPERTY | ||
| 942 | _n0 | ||
| 948 | _c04/03/1997 | ||
| 999 |
_c92896 _d92896 |
||